[Event "C.to Regionale Liguria"]
[Site "Spotorno ITA"]
[Date "2016.05.14"]
[Round "2"]
[White "Monticone, Sonia"]
[Black "Mandolini, Alessandro"]
[WhiteElo "1940"]
[BlackElo "1790"]
[Result "1-0"]
[PlyCount "47"]
[EventDate "2016.05.13"]

1. c4 Nf6 2. Nc3 g6 3. e4 d6 4. d4 Nbd7 5. Be2 c5 6. d5 Bg7 7. Bg5 Qa5 8. Bd2
a6 9. f3 O-O 10. g4 Qd8 11. h4 e6 12. dxe6 fxe6 13. h5 d5 14. cxd5 exd5 15.
hxg6 d4 16. Qb3+ Kh8 17. Nd5 b5 18. g5 c4 19. Bxc4 bxc4 20. Qxc4 Ne5 21. Nxf6
h6 22. Qd5 Bxf6 23. Rxh6+ Kg7 24. gxf6+ 1-0

[Event "C.to Regionale Liguria"]
[Site "Spotorno ITA"]
[Date "2016.05.14"]
[Round "2"]
[White "Nikolajevic, Tihomir"]
[Black "Roversi, Stefano"]
[WhiteElo "1838"]
[BlackElo "1742"]
[Result "1/2-1/2"]
[PlyCount "142"]
[EventDate "2016.05.13"]

1. d4 Nf6 2. Nf3 e6 3. e3 c5 4. Bd3 Nc6 5. O-O d5 6. b3 cxd4 7. exd4 Bd6 8. Bb2
O-O 9. Nbd2 Qc7 10. Re1 Nb4 11. Nf1 Nxd3 12. Qxd3 Ne4 13. c4 Bb4 14. Rec1 Qa5
15. a3 Be7 16. b4 Qa4 17. N1d2 f5 18. c5 Bd7 19. Qe3 f4 20. Qe1 Nxd2 21. Qxd2
a5 22. Re1 axb4 23. axb4 Qb3 24. h3 Bf6 25. Bc3 Rfc8 26. Rab1 Qc4 27. Rec1 g5
28. Qe1 Ra2 29. Bb2 Qb5 30. Ne5 Be8 31. Bc3 Re2 32. Qd1 Ra8 33. Ra1 Raa2 34.
Rxa2 Rxa2 35. Rc2 Qa4 36. Rc1 Qa3 37. Be1 Qb2 38. Rb1 Qa3 39. Qg4 Qa6 40. c6
Bf7 41. c7 Rc2 42. Nd7 Kg7 43. b5 Qa2 44. Rd1 Rxc7 45. Nxf6 Kxf6 46. Bd2 h5 47.
Qe2 Rc2 48. Qe5+ Kg6 49. Be1 Qc4 50. h4 gxh4 51. Qxf4 Qxb5 52. Bd2 Kg7 53. Qh6+
Kg8 54. Bg5 Qe2 55. Rf1 Qe4 56. Ra1 Rc8 57. Qf6 Qg6 58. Qe7 Re8 59. Qf6 Qxf6
60. Bxf6 b5 61. Rb1 Rb8 62. Rb4 Kh7 63. Bxh4 Kg6 64. Kf1 Kf5 65. f3 Bg8 66. Bg3
Rc8 67. Rb2 Rc4 68. Rd2 Bf7 69. Be5 Ra4 70. g3 Ra3 71. Ke2 Rc3 1/2-1/2

[Event "C.to Regionale Liguria"]
[Site "Spotorno ITA"]
[Date "2016.05.14"]
[Round "2"]
[White "Pesce, Leandro"]
[Black "Agazzi, Marco"]
[WhiteElo "1660"]
[BlackElo "1678"]
[Result "1/2-1/2"]
[PlyCount "64"]
[EventDate "2016.05.13"]

1. e4 d5 2. exd5 Qxd5 3. Nc3 Qd6 4. d4 Nf6 5. Be2 a6 6. Nf3 Bg4 7. h3 Bxf3 8.
Bxf3 Nc6 9. Be3 e6 10. O-O Be7 11. a3 O-O 12. g3 Qd8 13. Qd2 Nd5 14. Nxd5 exd5
15. b3 Bf6 16. Rfe1 Ne7 17. Rab1 c6 18. c3 Ng6 19. c4 Qd6 20. c5 Qd7 21. Kg2
Rfe8 22. Bg4 Qc7 23. h4 Nf8 24. Bf4 Qd8 25. Rxe8 Qxe8 26. Re1 Qd8 27. b4 b5 28.
Bd6 Ra7 29. Re2 Be7 30. Bxe7 Rxe7 31. Rxe7 Qxe7 32. Qe3 Qxe3 1/2-1/2

[Event "C.to Regionale Liguria"]
[Site "Spotorno ITA"]
[Date "2016.05.14"]
[Round "2"]
[White "Sotgia, Cosimo"]
[Black "Rivara, Massimo"]
[WhiteElo "1883"]
[BlackElo "1757"]
[Result "1/2-1/2"]
[PlyCount "55"]
[EventDate "2016.05.13"]

1. e4 c5 2. Nf3 d6 3. c3 Nf6 4. Bd3 g6 5. Bc2 Bg7 6. O-O O-O 7. Re1 Nbd7 8. d3
b5 9. Nbd2 Bb7 10. Nf1 a5 11. a4 b4 12. Rb1 Qc7 13. c4 Rad8 14. h3 e6 15. Bf4
Ne5 16. g4 Nfd7 17. N1h2 d5 18. Kg2 dxe4 19. dxe4 Qb6 20. b3 Nb8 21. Qe2 Nbc6
22. Rbd1 Nxf3 23. Nxf3 e5 24. Bg3 f6 25. Rxd8 Rxd8 26. Rd1 Bh6 27. Rxd8+ Qxd8
28. Qd3 1/2-1/2

[Event "C.to Regionale Liguria"]
[Site "Spotorno ITA"]
[Date "2016.05.14"]
[Round "2"]
[White "Storai, Ivo"]
[Black "Massimillo, Angelo"]
[WhiteElo "1685"]
[BlackElo "1362"]
[Result "1-0"]
[PlyCount "69"]
[EventDate "2016.05.13"]

1. d4 Nf6 2. Nf3 c5 3. e3 e6 4. Bd3 Be7 5. Nbd2 O-O 6. O-O d5 7. c3 Nbd7 8. Qe2
Qc7 9. e4 cxd4 10. e5 Nh5 11. cxd4 Nf4 12. Qe3 Nxd3 13. Qxd3 f6 14. Re1 fxe5
15. Nxe5 Nxe5 16. dxe5 Bc5 17. Nf3 Qb6 18. Re2 Bd7 19. a4 a5 20. Be3 Bxe3 21.
Rxe3 Rac8 22. Ng5 Rf5 23. Nf3 Bxa4 24. Nd4 Qxb2 25. Rf1 Rf4 26. Rh3 g6 27. Nxe6
Rc1 28. Nxf4 Rxf1+ 29. Qxf1 Qxe5 30. Nd3 Qe8 31. Re3 Qd8 32. Qe1 d4 33. Re7 Bc6
34. Qe6+ Kh8 35. Qf6+ 1-0

[Event "C.to Regionale Liguria"]
[Site "Spotorno ITA"]
[Date "2016.05.14"]
[Round "3"]
[White "Agazzi, Marco"]
[Black "Agazzi, Fulvio"]
[WhiteElo "1678"]
[BlackElo "1815"]
[Result "1/2-1/2"]
[PlyCount "38"]
[EventDate "2016.05.13"]

1. Nf3 Nf6 2. d4 d5 3. Bf4 c5 4. e3 Nc6 5. c3 e6 6. Be2 h6 7. h3 Bd6 8. Bxd6
Qxd6 9. Nbd2 O-O 10. O-O b6 11. Re1 Bb7 12. Bb5 Ne4 13. Nxe4 dxe4 14. Bxc6 Bxc6
15. Ne5 f6 16. Ng6 Rfd8 17. Qh5 Be8 18. Qg4 f5 19. Qh5 a5 1/2-1/2

[Event "C.to Regionale Liguria"]
[Site "Spotorno ITA"]
[Date "2016.05.14"]
[Round "3"]
[White "Basaglia, Paolo"]
[Black "Atteo, Domenico"]
[WhiteElo "1546"]
[BlackElo "1799"]
[Result "0-1"]
[PlyCount "71"]
[EventDate "2016.05.13"]

1. d4 Nf6 2. Bf4 d6 3. Nd2 Nbd7 4. Ngf3 c5 5. e3 cxd4 6. exd4 g6 7. Bd3 Bg7 8.
O-O O-O 9. Re1 Re8 10. Bg5 Qc7 11. c3 a6 12. a4 b6 13. Bf4 Bb7 14. Bc4 e5 15.
dxe5 dxe5 16. Be3 Ng4 17. Bxf7+ Kxf7 18. Ng5+ Kg8 19. Qxg4 Nf6 20. Qc4+ Qxc4
21. Nxc4 b5 22. axb5 h6 23. bxa6 Bxa6 24. Nd6 hxg5 25. Nxe8 Nxe8 26. Rad1 Kf7
27. Bxg5 Ke6 28. f4 Kf5 29. Rd5 Nc7 30. Rd7 Ne6 31. Rf7+ Kg4 32. h3+ Kg3 33.
fxe5 Nxg5 34. Rxg7 Rd8 35. Ra1 Rd2 36. Rxg6 0-1

[Event "C.to Regionale Liguria"]
[Site "Spotorno ITA"]
[Date "2016.05.14"]
[Round "3"]
[White "Benvenuti, Cristian"]
[Black "Altieri, Danilo Mario"]
[WhiteElo "1696"]
[BlackElo "2052"]
[Result "0-1"]
[PlyCount "128"]
[EventDate "2016.05.13"]

1. e4 d6 2. d4 Nf6 3. Nc3 e5 4. Nf3 Nbd7 5. Bc4 Be7 6. O-O O-O 7. Re1 c6 8. a4
b6 9. h3 Bb7 10. Bf1 Re8 11. g3 a6 12. Bg2 Qc7 13. Nh2 b5 14. b3 b4 15. Nb1 Bf8
16. a5 exd4 17. Qxd4 c5 18. Qd3 d5 19. Bf4 Bd6 20. Bxd6 Qxd6 21. Nd2 Ne5 22.
Qe3 dxe4 23. Nxe4 Nxe4 24. Bxe4 Nc4 25. Qd3 Bxe4 26. Qxc4 Bb7 27. Rad1 Qc6 28.
f3 h6 29. Kf2 Qc7 30. Ng4 Rxe1 31. Rxe1 Rd8 32. Qe2 h5 33. Ne3 h4 34. Nf5 hxg3+
35. Nxg3 Qf4 36. Rd1 Rc8 37. Qe3 Qf6 38. Qd3 Re8 39. Qf5 Qe7 40. Rd7 Qe1+ 41.
Kg2 Re7 42. Rxe7 Qxe7 43. Kf2 g6 44. Qd3 Qf6 45. Qe3 Qd6 46. Qe2 Qd7 47. Kg2
Bc8 48. Ne4 Qxh3+ 49. Kf2 Qh2+ 50. Ke1 Qe5 51. Kd2 Bb7 52. Nf2 Qd5+ 53. Nd3 Bc6
54. Qe4 Qg5+ 55. Qe3 Qg2+ 56. Qe2 Qxe2+ 57. Kxe2 Bb5 58. Ke3 Bxd3 59. Kxd3 Kf8
60. Kc4 g5 61. Kxc5 f5 62. Kd5 Kf7 63. Kc4 g4 64. Kxb4 gxf3 0-1

[Event "C.to Regionale Liguria"]
[Site "Spotorno ITA"]
[Date "2016.05.14"]
[Round "3"]
[White "Biancotti, Alessandro"]
[Black "Nikolajevic, Tihomir"]
[WhiteElo "1864"]
[BlackElo "1838"]
[Result "1/2-1/2"]
[PlyCount "96"]
[EventDate "2016.05.13"]

1. e4 c5 2. Nf3 Nc6 3. c3 d5 4. exd5 Qxd5 5. Be2 Nf6 6. O-O e6 7. c4 Qd8 8. Nc3
Be7 9. d3 O-O 10. a3 a6 11. Qc2 Qc7 12. Ne4 h6 13. Be3 b6 14. Rfd1 e5 15. Bd2
Nd4 16. Nxd4 exd4 17. Bf3 Bb7 18. Nxf6+ Bxf6 19. Bxb7 Qxb7 20. Bf4 Rfe8 21. Re1
Qc6 22. b4 Re6 23. Rxe6 Qxe6 24. bxc5 bxc5 25. Kf1 Re8 26. Qd2 Qf5 27. Re1
Rxe1+ 28. Kxe1 Qe6+ 29. Kd1 Qb6 30. Qc2 Qb7 31. Bg3 Qxg2 32. Qe2 Qc6 33. Kc2
Qa4+ 34. Kb2 Qa5 35. f4 Qc3+ 36. Ka2 Kh7 37. Qe4+ g6 38. f5 Qc2+ 39. Ka1 Qc1+
40. Ka2 g5 41. Qb7 Kg7 42. Qb2 Qf1 43. Bd6 Qxf5 44. Qb8 Qxd3 45. Qf8+ Kg6 46.
Qg8+ Kh5 47. Qxf7+ Kg4 48. Qxf6 Qc2+ 1/2-1/2

[Event "C.to Regionale Liguria"]
[Site "Spotorno ITA"]
[Date "2016.05.14"]
[Round "3"]
[White "Bottini, Claudio"]
[Black "Delucis, Gabriele"]
[WhiteElo "1493"]
[BlackElo "1440"]
[Result "1/2-1/2"]
[PlyCount "53"]
[EventDate "2016.05.13"]

1. e4 e6 2. d4 d5 3. e5 Nc6 4. c4 dxc4 5. Nf3 Bb4+ 6. Nc3 Nge7 7. Bxc4 b6 8. a3
Bxc3+ 9. bxc3 Bb7 10. O-O O-O 11. Bg5 Qc8 12. Bd3 h6 13. Bh4 Re8 14. Nd2 Qd7
15. f4 Nxd4 16. Be4 Ndc6 17. Qc2 Nf5 18. Bf2 Na5 19. Bxf5 exf5 20. Rfd1 Qd5 21.
Nf3 Qe4 22. Qxe4 Bxe4 23. Nd4 c5 24. Nb5 Re7 25. Bh4 Rb7 26. Nd6 Rd7 27. g4
1/2-1/2

[Event "C.to Regionale Liguria"]
[Site "Spotorno ITA"]
[Date "2016.05.14"]
[Round "3"]
[White "Brioschi, Camillo"]
[Black "Grasso, Gabriele"]
[WhiteElo "1834"]
[BlackElo "1720"]
[Result "1/2-1/2"]
[PlyCount "49"]
[EventDate "2016.05.13"]

1. d4 e6 2. c4 f5 3. Nf3 Nf6 4. g3 d5 5. Bg2 c6 6. cxd5 exd5 7. O-O Bd6 8. Bg5
O-O 9. Ne5 Qe8 10. Bf4 Nbd7 11. Nxd7 Qxd7 12. Bxd6 Qxd6 13. e3 Ne4 14. Nc3 Be6
15. f3 Nxc3 16. bxc3 Qd7 17. Qd2 Rae8 18. e4 fxe4 19. fxe4 dxe4 20. Rxf8+ Rxf8
21. Bxe4 Bd5 22. Re1 Bxe4 23. Rxe4 Re8 24. Qf4 Qf7 25. Qxf7+ 1/2-1/2

[Event "C.to Regionale Liguria"]
[Site "Spotorno ITA"]
[Date "2016.05.14"]
[Round "3"]
[White "Durdevic, Radoslav"]
[Black "Monticone, Sonia"]
[WhiteElo "2081"]
[BlackElo "1940"]
[Result "1-0"]
[PlyCount "37"]
[EventDate "2016.05.13"]

1. e4 c5 2. Nf3 e6 3. Nc3 a6 4. g3 Nc6 5. Bg2 Qc7 6. O-O Nf6 7. d4 cxd4 8. Nxd4
d6 9. Be3 Bd7 10. h3 Be7 11. Qd2 Ne5 12. b3 Rg8 13. Nce2 h5 14. c4 Nc6 15. Nxc6
bxc6 16. Rac1 Qb8 17. Rfd1 e5 18. Bg5 Be6 19. Nc3 {...} 1-0

[Event "C.to Regionale Liguria"]
[Site "Spotorno ITA"]
[Date "2016.05.14"]
[Round "3"]
[White "Ivaldo, Fabrizio"]
[Black "Cotugno, Michele"]
[WhiteElo "1902"]
[BlackElo "1754"]
[Result "0-1"]
[PlyCount "54"]
[EventDate "2016.05.13"]

1. e4 c5 2. d4 cxd4 3. c3 dxc3 4. Nxc3 Nc6 5. Bc4 e6 6. Nf3 d6 7. O-O a6 8. Qe2
Nge7 9. Rd1 Qc7 10. Bg5 h6 11. Be3 b5 12. Bb3 Ng6 13. Rac1 Qb7 14. Nd4 Na5 15.
Nd5 Nc4 16. Bxc4 bxc4 17. Nc3 Ne5 18. f4 Nd3 19. Rb1 e5 20. fxe5 Nxe5 21. Nf5
Qc6 22. Nd5 Rb8 23. Nd4 Qb7 24. Nf5 Be6 25. Nb6 Qxe4 26. Ng3 Qc6 27. b3 Bg4 0-1

[Event "C.to Regionale Liguria"]
[Site "Spotorno ITA"]
[Date "2016.05.14"]
[Round "3"]
[White "Mandolini, Alessandro"]
[Black "Storai, Ivo"]
[WhiteElo "1790"]
[BlackElo "1685"]
[Result "1-0"]
[PlyCount "53"]
[EventDate "2016.05.13"]

1. c4 e6 2. Nc3 d5 3. d4 Nf6 4. Bg5 Be7 5. cxd5 Nxd5 6. Bxe7 Qxe7 7. e4 Nxc3 8.
bxc3 O-O 9. Nf3 c5 10. Bd3 cxd4 11. cxd4 Qb4+ 12. Kf1 Rd8 13. Qc2 Nc6 14. Rb1
Qe7 15. Qc3 Qd6 16. e5 Qf8 17. g4 Ne7 18. Be4 Nd5 19. Qd3 g6 20. h4 f6 21. h5
f5 22. Bxd5 exd5 23. hxg6 hxg6 24. Ng5 fxg4 25. Nh7 Bf5 26. Qb5 Bxb1 27. Nxf8
1-0

[Event "C.to Regionale Liguria"]
[Site "Spotorno ITA"]
[Date "2016.05.14"]
[Round "3"]
[White "Mariani, Samuele"]
[Black "De Renzi, Giuseppe"]
[WhiteElo "1440"]
[BlackElo "1523"]
[Result "0-1"]
[PlyCount "61"]
[EventDate "2016.05.13"]

1. d4 Nf6 2. Nf3 g6 3. Nc3 d5 4. e3 Bg7 5. Bb5+ c6 6. Ba4 O-O 7. O-O Bg4 8. h3
Bf5 9. Ne5 Nbd7 10. Nxd7 Nxd7 11. Re1 e5 12. dxe5 Nxe5 13. e4 dxe4 14. Qxd8
Raxd8 15. Bg5 Rd7 16. Nxe4 Bxe4 17. Rxe4 h6 18. Bh4 g5 19. Bg3 Ng6 20. c3 Rfd8
21. Rae1 Kf8 22. R4e3 f5 23. Re6 f4 24. Bxf4 gxf4 25. R1e4 Rd6 26. Bb3 Rxe6 27.
Bxe6 Rd1+ 28. Kh2 Rd2 29. f3 Rxb2 30. Bf5 Ne7 31. Rxf4 0-1

[Event "C.to Regionale Liguria"]
[Site "Spotorno ITA"]
[Date "2016.05.14"]
[Round "3"]
[White "Mortola, Alberto"]
[Black "Sotgia, Cosimo"]
[WhiteElo "1939"]
[BlackElo "1883"]
[Result "1/2-1/2"]
[PlyCount "76"]
[EventDate "2016.05.13"]

1. c4 e6 2. Nc3 d5 3. d4 c6 4. cxd5 exd5 5. Nf3 Bd6 6. Bg5 f6 7. Bh4 Bf5 8. e3
Ne7 9. Bg3 O-O 10. Nh4 Be6 11. Bd3 Bf7 12. Qc2 g6 13. Nf3 Be6 14. Bxd6 Qxd6 15.
h4 Bf5 16. Bxf5 Nxf5 17. h5 Kg7 18. O-O-O Qe6 19. hxg6 hxg6 20. Ne2 Qe4 21. Nf4
Qxc2+ 22. Kxc2 Re8 23. g4 Nd6 24. g5 Nf7 25. gxf6+ Kxf6 26. Rdg1 Rg8 27. Ne5
Nxe5 28. dxe5+ Kxe5 29. Nxg6+ Kd6 30. f4 Nd7 31. Rh6 Kc5 32. b4+ Kb6 33. a4
Rae8 34. Kd3 Re4 35. Rb1 Rge8 36. Rh3 Rc4 37. Rh2 Rce4 38. Rh3 R8e6 1/2-1/2

[Event "C.to Regionale Liguria"]
[Site "Spotorno ITA"]
[Date "2016.05.14"]
[Round "3"]
[White "Pagliari, Lino"]
[Black "Baggiani, Fabio"]
[WhiteElo "1319"]
[BlackElo "1794"]
[Result "0-1"]
[PlyCount "84"]
[EventDate "2016.05.13"]

1. e4 d6 2. Nc3 e5 3. Bc4 Nf6 4. d3 c6 5. Bg5 Be7 6. Bxf6 Bxf6 7. Nf3 O-O 8.
O-O Nd7 9. b4 g6 10. a4 Bg7 11. a5 Nf6 12. h3 Nh5 13. Qd2 h6 14. Qe3 Nf4 15. h4
d5 16. exd5 cxd5 17. Nxd5 Nxd5 18. Bxd5 Qxd5 19. c4 Qd8 20. Rab1 Kh7 21. Rfd1
Bg4 22. Rd2 Bxf3 23. Qxf3 Rb8 24. c5 Qxh4 25. Rdd1 Qd4 26. g3 f5 27. Kg2 Rfd8
28. Qe3 f4 29. Qxd4 Rxd4 30. Kf3 Rf8 31. g4 Rfd8 32. Rb3 Bf6 33. Ke2 e4 34. f3
exf3+ 35. Kxf3 g5 36. Kf2 Kg6 37. Kf3 Re8 38. Kf2 Re3 39. b5 Ra4 40. c6 Ra2+
41. Kf1 Rh3 42. Kg1 Bd4+ 0-1

[Event "C.to Regionale Liguria"]
[Site "Spotorno ITA"]
[Date "2016.05.14"]
[Round "3"]
[White "Pedemonte, Claudio"]
[Black "Pesce, Leandro"]
[WhiteElo "1756"]
[BlackElo "1660"]
[Result "1-0"]
[PlyCount "36"]
[EventDate "2016.05.13"]

1. c4 Nf6 2. Nc3 e6 3. e4 Nc6 4. Nf3 e5 5. Be2 d6 6. d4 exd4 7. Nxd4 Nxd4 8.
Qxd4 Be7 9. O-O O-O 10. Bg5 c6 11. Rfd1 Qc7 12. Bf4 c5 13. Qd3 Rd8 14. Nb5 Qb6
15. Nxd6 Be6 16. e5 Ne8 17. Qg3 Nxd6 18. exd6 Bf6 1-0

[Event "C.to Regionale Liguria"]
[Site "Spotorno ITA"]
[Date "2016.05.14"]
[Round "3"]
[White "Rivara, Massimo"]
[Black "Giorgi, Ezio Alberto"]
[WhiteElo "1757"]
[BlackElo "1773"]
[Result "0-1"]
[PlyCount "75"]
[EventDate "2016.05.13"]

1. e4 e6 2. Qe2 c5 3. Nf3 Nc6 4. g3 Nf6 5. Bg2 Be7 6. O-O d5 7. d3 O-O 8. Bg5
h6 9. Bxf6 Bxf6 10. e5 Be7 11. c3 a6 12. Nbd2 Qc7 13. Rfe1 b5 14. Nf1 Bb7 15.
h4 d4 16. cxd4 Nxd4 17. Nxd4 cxd4 18. Bxb7 Qxb7 19. Nh2 Rac8 20. Nf3 Qd5 21. a3
Rc7 22. Rec1 Rfc8 23. Rxc7 Rxc7 24. Ne1 f6 25. exf6 Bxf6 26. Qd2 Qc6 27. Qd1 g5
28. hxg5 Bxg5 29. Qg4 Kf7 30. Nf3 Qd5 31. Re1 Bf6 32. Qf4 Rc2 33. Ne5+ Kg7 34.
Qg4+ Bg5 35. Qh5 Rc7 36. Qg6+ Kf8 37. Ng4 Rc1 38. Qxe6 0-1

[Event "C.to Regionale Liguria"]
[Site "Spotorno ITA"]
[Date "2016.05.14"]
[Round "3"]
[White "Roversi, Stefano"]
[Black "Mercandelli, Claudio"]
[WhiteElo "1742"]
[BlackElo "1910"]
[Result "1-0"]
[PlyCount "64"]
[EventDate "2016.05.13"]

1. e4 e6 2. d3 d5 3. Nd2 c5 4. Ngf3 Nc6 5. g3 Nf6 6. Bg2 Be7 7. O-O dxe4 8.
dxe4 e5 9. Qe2 O-O 10. Nc4 Qc7 11. Bg5 Ne8 12. Bxe7 Qxe7 13. c3 Bg4 14. Ne3 Qe6
15. Nxg4 Qxg4 16. Qb5 Nd6 17. Qxc5 Nxe4 18. Nxe5 Nxc5 19. Nxg4 Na4 20. f4 Rfe8
21. Rfe1 Nxb2 22. Ne5 Nxe5 23. fxe5 Rac8 24. Bxb7 Rxc3 25. Rac1 Ra3 26. Rc7 Ra5
27. Rf1 Raxe5 28. Rfxf7 Rg5 29. Rfd7 Na4 30. Bd5+ Kh8 31. Bb3 Nc5 32. Re7 Rxe7
1-0

[Event "C.to Regionale Liguria"]
[Site "Spotorno ITA"]
[Date "2016.05.14"]
[Round "3"]
[White "Tardito, Pierluigi"]
[Black "Delucis, Mauro"]
[WhiteElo "1493"]
[BlackElo "1367"]
[Result "1-0"]
[PlyCount "57"]
[EventDate "2016.05.13"]

1. f4 d5 2. Nf3 Nf6 3. g3 b6 4. Bg2 Bb7 5. c3 e6 6. O-O Nc6 7. d3 Bc5+ 8. Kh1
Ng4 9. d4 Bd6 10. Ng1 Nf6 11. Nd2 Ne7 12. Ndf3 Nf5 13. Nh3 Ng4 14. Qd3 c5 15.
b3 a5 16. Ne5 Ba6 17. Qf3 Nxe5 18. fxe5 Be7 19. e4 Bxf1 20. Bxf1 cxd4 21. Bb5+
Kf8 22. exf5 dxc3 23. fxe6 f6 24. Qh5 g6 25. Bh6+ Kg8 26. Qf3 f5 27. g4 c2 28.
gxf5 Ba3 29. f6 1-0

[Event "C.to Regionale Liguria"]
[Site "Spotorno ITA"]
[Date "2016.05.15"]
[Round "4"]
[White "Agazzi, Fulvio"]
[Black "Brioschi, Camillo"]
[WhiteElo "1815"]
[BlackElo "1834"]
[Result "0-1"]
[PlyCount "94"]
[EventDate "2016.05.13"]

1. e4 e5 2. Nf3 Nf6 3. d4 Nxe4 4. Bd3 d5 5. Nxe5 Nd7 6. O-O Nxe5 7. dxe5 Nc5 8.
Be2 Be7 9. Be3 O-O 10. c4 Be6 11. cxd5 Qxd5 12. Qxd5 Bxd5 13. Nc3 Bc6 14. Nb5
a6 15. Nd4 Bd7 16. Rac1 Rac8 17. Rfd1 Rfd8 18. Bf3 c6 19. Ne2 Be6 20. Rxd8+
Rxd8 21. Nf4 Nd3 22. Nxe6 fxe6 23. Rc2 Nxe5 24. Be2 Kf7 25. f4 Nd3 26. Rd2 Nb4
27. Rxd8 Bxd8 28. a3 Nd5 29. Bd2 c5 30. Kf2 b5 31. Bd3 c4 32. Be4 Bf6 33. Bc1
a5 34. f5 h6 35. g3 c3 36. bxc3 Nxc3 37. fxe6+ Kxe6 38. Bc6 Kd6 39. Be8 Kc5 40.
Bf7 Nd5 41. Bd2 a4 42. Ke2 Bb2 43. Bxd5 Kxd5 44. Bb4 Kc4 45. g4 Kb3 46. Bf8
Bxa3 47. Bxg7 Bb2 0-1

[Event "C.to Regionale Liguria"]
[Site "Spotorno ITA"]
[Date "2016.05.15"]
[Round "4"]
[White "Altieri, Danilo Mario"]
[Black "Atteo, Domenico"]
[WhiteElo "2052"]
[BlackElo "1799"]
[Result "1-0"]
[PlyCount "62"]
[EventDate "2016.05.13"]

1. c4 Nf6 2. g3 e6 3. Bg2 d5 4. cxd5 exd5 5. d4 c6 6. Nf3 Bb4+ 7. Bd2 Bxd2+ 8.
Nbxd2 Qa5 9. O-O O-O 10. e3 Bf5 11. Ne5 Nbd7 12. Nb3 Qc7 13. f4 Nxe5 14. fxe5
Bg4 15. Qc2 Ne8 16. Rf4 Qc8 17. Raf1 Bh5 18. Nc5 b6 19. e6 Nf6 20. Bh3 Qc7 21.
exf7+ Bxf7 22. Ne6 Bxe6 23. Bxe6+ Kh8 24. Bxd5 Qe7 25. Bg2 Qxe3+ 26. Qf2 Qxf2+
27. R1xf2 Rac8 28. a4 Rfe8 29. a5 Nd5 30. Bxd5 cxd5 31. Rf1 Kg8 1-0

[Event "C.to Regionale Liguria"]
[Site "Spotorno ITA"]
[Date "2016.05.15"]
[Round "4"]
[White "Baggiani, Fabio"]
[Black "Cirabisi, Federico"]
[WhiteElo "1794"]
[BlackElo "2034"]
[Result "0-1"]
[PlyCount "64"]
[EventDate "2016.05.13"]

1. f4 e5 2. fxe5 d6 3. exd6 Bxd6 4. Nf3 g5 5. d4 g4 6. Ne5 f6 7. Nd3 Nc6 8. c3
f5 9. Bf4 Nf6 10. Nd2 Nd5 11. Bxd6 cxd6 12. Nc4 b5 13. Na3 a6 14. Qd2 Qe7 15.
Nc2 Na5 16. b3 Bb7 17. Ndb4 Nf6 18. d5 Rc8 19. Nd4 Ne4 20. Qf4 O-O 21. g3 Qf6
22. Bg2 Nxc3 23. O-O Qxd4+ 24. Kh1 Qxf4 25. Rxf4 Nxe2 26. Rf2 Rce8 27. Nc6 Nxc6
28. dxc6 Bc8 29. Rd1 f4 30. gxf4 Nxf4 31. Rxd6 Nxg2 32. Rxg2 Bf5 0-1

[Event "C.to Regionale Liguria"]
[Site "Spotorno ITA"]
[Date "2016.05.15"]
[Round "4"]
[White "Brun, Dario"]
[Black "Durdevic, Radoslav"]
[WhiteElo "2270"]
[BlackElo "2081"]
[Result "1-0"]
[PlyCount "26"]
[EventDate "2016.05.13"]

1. d4 d5 2. c4 e6 3. Nc3 c6 4. Nf3 f5 5. Bf4 Nf6 6. e3 Bd6 7. Bxd6 Qxd6 8. Bd3
O-O 9. Qc2 Bd7 10. Ne5 Be8 11. O-O Nbd7 12. cxd5 cxd5 13. Nf3 Ne4 1-0

[Event "C.to Regionale Liguria"]
[Site "Spotorno ITA"]
[Date "2016.05.15"]
[Round "4"]
[White "Cotugno, Michele"]
[Black "Biancotti, Alessandro"]
[WhiteElo "1754"]
[BlackElo "1864"]
[Result "1-0"]
[PlyCount "157"]
[EventDate "2016.05.13"]

1. e4 c5 2. Nf3 d6 3. d4 cxd4 4. Nxd4 Nf6 5. f3 g6 6. c4 Bg7 7. Be2 Nc6 8. Be3
O-O 9. Nc3 Bd7 10. O-O a6 11. Rc1 Rc8 12. Qd2 Nxd4 13. Bxd4 Qa5 14. Rfd1 Rfe8
15. b3 Be6 16. Be3 h5 17. Nd5 Qxd2 18. Bxd2 Nxd5 19. cxd5 Bd7 20. Rxc8 Rxc8 21.
Rc1 f5 22. Rxc8+ Bxc8 23. Kf1 Kf7 24. Bd3 Bd4 25. Ke2 Kf6 26. h4 fxe4 27. Bxe4
Bd7 28. Bg5+ Kf7 29. g3 Bf6 30. Be3 Be5 31. Kf2 a5 32. Bc2 Bc3 33. Ke2 b5 34.
a3 Bc8 35. Bd3 b4 36. a4 Bb7 37. Bc4 Be5 38. f4 Bc3 39. Bb6 Kf6 40. Bxa5 Kf5
41. Bb6 Ke4 42. a5 Kf5 43. a6 Ba8 44. Kf2 Ke4 45. Ke2 Kf5 46. Bd8 Kf6 47. Ke3
Be1 48. Kf3 Kf7 49. Ke2 Bxg3 50. Ba5 Kf6 51. Bxb4 Bxf4 52. Bc3+ Be5 53. Bd2 Bg3
54. Bg5+ Ke5 55. Bxe7 Kd4 56. Bd3 Bxd5 57. Bxg6 Kc5 58. Bxh5 Kb6 59. b4 Kxa6
60. Be8 Bc4+ 61. Kf3 Be5 62. h5 Bh2 63. Ke4 Kb6 64. Bd8+ Kb7 65. h6 Be5 66. b5
Bg8 67. Bc6+ Kc8 68. Bb6 Bb2 69. Bd5 Bh7+ 70. Kf4 Bc1+ 71. Be3 Bb2 72. Kg5 Kc7
73. b6+ Kd8 74. Bf4 Kd7 75. b7 Kc7 76. Bxd6+ Kd7 77. b8=Q Bf6+ 78. Kxf6 Bg6 79.
Qc7+ 1-0

[Event "C.to Regionale Liguria"]
[Site "Spotorno ITA"]
[Date "2016.05.15"]
[Round "4"]
[White "De Renzi, Giuseppe"]
[Black "Ivaldo, Fabrizio"]
[WhiteElo "1523"]
[BlackElo "1902"]
[Result "0-1"]
[PlyCount "91"]
[EventDate "2016.05.13"]

1. Nf3 f5 2. g3 Nf6 3. Bg2 g6 4. d4 Bg7 5. O-O O-O 6. c4 d6 7. Nc3 Qe8 8. Bf4
Nh5 9. Bc1 c6 10. d5 e5 11. dxc6 Nxc6 12. Qxd6 Be6 13. Nd5 Rd8 14. Qc5 b6 15.
Qxc6 Bd7 16. Qd6 e4 17. Nd2 Be6 18. Qb4 Bxd5 19. cxd5 Rxd5 20. Qb3 Qd7 21. a4
Kh8 22. Nc4 Rc8 23. Be3 Nf6 24. Na3 Ng4 25. Rad1 Nxe3 26. Rxd5 Qxd5 27. Qxd5
Nxd5 28. Rb1 Nb4 29. b3 Kg8 30. Nc4 Nc2 31. e3 Rd8 32. Rc1 Nb4 33. Bf1 Kf7 34.
Be2 Nd5 35. Rd1 Ke7 36. Kf1 Nc3 37. Rxd8 Kxd8 38. Nd6 Nxe2 39. Kxe2 Kd7 40. Nb5
a6 41. Na3 Kc6 42. Kd2 Kc5 43. Nc4 b5 44. axb5 axb5 45. Na3 Kb4 46. Nb1 0-1

[Event "C.to Regionale Liguria"]
[Site "Spotorno ITA"]
[Date "2016.05.15"]
[Round "4"]
[White "Delucis, Gabriele"]
[Black "Tardito, Pierluigi"]
[WhiteElo "1440"]
[BlackElo "1493"]
[Result "0-1"]
[PlyCount "104"]
[EventDate "2016.05.13"]

1. Nf3 g6 2. d4 d6 3. b3 Bg7 4. Bb2 f5 5. Nbd2 Nf6 6. g3 O-O 7. Bg2 Nbd7 8. c4
Ne8 9. Qc2 Rb8 10. e3 e5 11. O-O e4 12. Ne1 Qf6 13. Rb1 Qg5 14. b4 Ndf6 15. c5
Ng4 16. Qc4+ Kh8 17. Qe2 Qh6 18. h3 Ngf6 19. Nb3 d5 20. Bc3 f4 21. exf4 Bxh3
22. Nc2 Ng4 23. f3 Bxg2 24. Qxg2 exf3 25. Rxf3 Nef6 26. Nd2 Rbe8 27. Rf2 Ne3
28. Nxe3 Rxe3 29. Rf3 Rfe8 30. Rxe3 Rxe3 31. Bb2 Qh5 32. Rf1 Qg4 33. Rf3 Re7
34. Qf2 Ne4 35. Nxe4 Rxe4 36. a3 c6 37. a4 Kg8 38. b5 Qe6 39. Bc3 Re2 40. Qf1
Qe4 41. Rf2 Re3 42. Bb2 Re1 43. bxc6 bxc6 44. Qxe1 Qxe1+ 45. Kg2 Qe4+ 46. Kg1
Bxd4 47. Bxd4 Qxd4 48. Kg2 Qxc5 49. Re2 Kf7 50. Kf3 Qc4 51. a5 c5 52. Re5 d4
0-1

[Event "C.to Regionale Liguria"]
[Site "Spotorno ITA"]
[Date "2016.05.15"]
[Round "4"]
[White "Delucis, Mauro"]
[Black "Mariani, Samuele"]
[WhiteElo "1367"]
[BlackElo "1440"]
[Result "1-0"]
[PlyCount "31"]
[EventDate "2016.05.13"]

1. Nf3 d5 2. b3 Nf6 3. Bb2 e6 4. g3 c5 5. d4 Nc6 6. Bg2 Bd6 7. Nbd2 O-O 8. O-O
b5 9. c4 bxc4 10. bxc4 Rb8 11. Qc2 Nb4 12. Qc3 Bb7 13. Rfe1 Ne4 14. Nxe4 dxe4
15. dxc5 Bxc5 16. Qxg7# 1-0